Командарм Уборевич: сборник

Dettagli Bibliografici
Altri autori: Деревцова О. (редактор), Балабанов М. (иллюстратор)
Lingua:russo
Pubblicazione: Владивосток, Дальневосточное книжное изд-во, 1978
Edizione:Переизд.
Serie:Красная гвоздика
Soggetti:
Natura: Libro
KOHA link:https://koha.lib.tpu.ru/cgi-bin/koha/opac-detail.pl?biblionumber=169332

MARC

LEADER 00000nam0a2200000 4500
001 169332
005 20231031163400.0
035 |a (RuTPU)RU\TPU\book\183685 
090 |a 169332 
100 |a 20091111d1978 m y0rusy50 ca 
101 0 |a rus 
102 |a RU 
105 |a a z 000ab 
200 1 |a Командарм Уборевич  |e сборник  |f ред. О. Деревцова ; худож. М. Балабанов 
205 |a Переизд. 
210 |a Владивосток  |c Дальневосточное книжное изд-во  |d 1978 
215 |a 280 с.  |c ил. 
225 1 |a Красная гвоздика 
610 1 |a Дальний Восток 
610 1 |a Гражданская война 1918-1921 
610 1 |a полководцы 
610 1 |a воспоминания 
675 |a 9(С)22  |v 3 
702 1 |a Деревцова  |b О.  |4 340 
702 1 |a Балабанов  |b М.  |4 440 
801 1 |a RU  |b 63413507  |c 20091111 
942 |c BK